Genaro el gondolero (Record no. 160730)

MARC details
000 -LEADER
campo de control de longitud fija 00969nam a22001935i 4500
001 - NÚMERO DE CONTROL
campo de control 160730
003 - IDENTIFICADOR DE NÚMERO DE CONTROL
campo de control ES-MaACL
005 - FECHA Y HORA DE LA ÚLTIMA TRANSACCIÓN
campo de control 20230906212121.0
008 - DATOS DE LONGITUD FIJA--INFORMACIÓN GENERAL
campo de control de longitud fija 020129s1861 sp |||| | spa d
040 ## - FUENTE DE CATALOGACIÓN
Centro catalogador/agencia de origen CAM
Lengua de catalogación spa
Centro/agencia transcriptor CAM
100 1# - ENTRADA PRINCIPAL--NOMBRE DE PERSONA
Nombre de persona Nogués, José María.
9 (RLIN) 130515
245 10 - MENCIÓN DEL TÍTULO
Título Genaro el gondolero
Resto del título : drama lírico en tres actos y en verso /
Mención de responsabilidad, etc. letra de José María Nogués ; música de Antonio Rovira.
260 ## - PUBLICACIÓN, DISTRIBUCIÓN, ETC.
Lugar de publicación, distribución, etc. Madrid :
Nombre del editor, distribuidor, etc. [s.n.],
Fecha de publicación, distribución, etc. 1861 (
Fabricante Imprenta de José Rodríguez)
300 ## - DESCRIPCIÓN FÍSICA
Extensión 60 p. ;
Dimensiones 19 cm.
500 ## - NOTA GENERAL
Nota general En port.: Representado por primera vez en el teatro del Circo lírico-dramático la nochel del dia 6 de diciembre de 1861.
596 ## - NOTA AL PIE DE IMPRENTA
NOTA AL PIE DE IMPRENTA Al v. de port. consta : "... Administracion Lírico-dramática..."
700 1# - ENTRADA AGREGADA--NOMBRE PERSONAL
Nombre de persona Rovira Viñas, Antonio.
9 (RLIN) 100158
852 ## - LOCALIZACIÓN
Ubicación ES-MaACL
Número de control de estantería F-8620(10)
Nota libre -- Enc. pasta española
condición física -- Falto de la cub. original
Nota libre --Enc. en un vol. facticio formando parte de la col. facticia "Teatro español moderno", vol. 75
Holdings
Estatus retirado Estado de pérdida Estado de daño No para préstamo Colección Biblioteca de origen Biblioteca actual Ubicación en estantería Fecha de adquisición Total de préstamos Signatura topográfica completa Código de barras Visto por última vez Precio de reemplazo Tipo de ítem Koha
        Libros del s. XIX Biblioteca del Ateneo de Madrid Biblioteca del Ateneo de Madrid Sala Pecera Planta 2 17/01/2008   F-8620(10) 1168312 23/02/2023 23/02/2023 Libro impreso antiguo